000 00305nam a22001337a 4500
008 210301b ||||| |||| 00| 0 eng d
020 _a9780801621598
041 _aeng
080 _a61
100 _a3
101 _aSHM
245 _aA Practical Guide to ECG Interpretation
_cGrauer,K
942 _2udc
_cBK
999 _c55418
_d55418